000 00611nam a2200193Ia 4500
999 _c35139
_d35139
003 GCL
005 20240530102902.0
008 140319s9999 xx 000 0 ara d
040 _aGCL /
_cGCL
082 0 4 _a953.040
_bم د
100 1 _aمحمد الخضرى
245 1 0 _aتاريخ الامم الاسلامية : الدولة العباسية /
_cمحمد الخضرى
260 _a[S.N] :
_bدار الفكر اللبنانى ،
_c1994
300 _a351 ص
650 0 4 _aالتاريخ الاسلامى
650 0 4 _aالدولة العباسية
700 1 _aاحمد حطيط
942 _2ddc
_cBK